How birds fly and other marvels of the animal world

Bibliographic Details
Main Author: Caldara, Anna Maria
Format: Book
Published: London : The Grange , 1992
Subjects:

MARC

LEADER 00000cam a2200000 7i4500
001 0000000963
002 000001071
005 20131104.0
020 |a 1856271218 
090 0 0 |a 598   |b CAL 
100 0 |a Caldara, Anna Maria 
245 1 0 |a How birds fly and other marvels of the animal world   |c Anna Maria Caldara 
260 |a London :   |b The Grange ,   |c 1992 
300 |a 127p ;   |c 37cm. 
650 0 0 |a Animal behavior 
999 |a 030008   |b BUKU   |c RUJUKAN   |e PERPUSTAKAAN KOMUNITI PETALING JAYA